UM Logo

Market Orientation And Business Performance of Fast Food Chain Establishments in Digos City (Record no. 6343)

MARC details
000 -LEADER
fixed length control field 00633nam a22001577a 4500
008 - FIXED-LENGTH DATA ELEMENTS--GENERAL INFORMATION
fixed length control field 170307b xxu||||| |||| 00| 0 eng d
082 ## - DEWEY DECIMAL CLASSIFICATION NUMBER
Edition number 2015
Classification number UT 0667
Item number Se29
100 ## - MAIN ENTRY--PERSONAL NAME
9 (RLIN) 19034
Personal name Sedon, Shaira Joy G.
245 ## - TITLE STATEMENT
Title Market Orientation And Business Performance of Fast Food Chain Establishments in Digos City
Statement of responsibility, etc. Shaira Joy G. Sedon, Kathleen L. Roble and Maries M. Padillo
300 ## - PHYSICAL DESCRIPTION
Extent 68 pages;
Other physical details 30 cm.
650 #0 - SUBJECT ADDED ENTRY--TOPICAL TERM
9 (RLIN) 19035
Topical term or geographic name as entry element Business Administration
Form subdivision Financial Management
General subdivision Undergraduate Thesis
700 ## - ADDED ENTRY--PERSONAL NAME
9 (RLIN) 19036
Personal name Sedon, Shaira Joy G.
700 ## - ADDED ENTRY--PERSONAL NAME
9 (RLIN) 19037
Personal name Roble, Kathleen L.
700 ## - ADDED ENTRY--PERSONAL NAME
9 (RLIN) 19038
Personal name Padillo, Maries M.
942 ## - ADDED ENTRY ELEMENTS (KOHA)
Source of classification or shelving scheme Dewey Decimal Classification
Koha item type Undergraduate Thesis
Holdings
Withdrawn status Lost status Source of classification or shelving scheme Damaged status Not for loan Home library Current library Date acquired Total Checkouts Full call number Barcode Date last seen Price effective from Koha item type
    Dewey Decimal Classification     UM Digos College - LIC UM Digos College - LIC 11/07/2016   UT 0667 Se29 2015 UT0667 03/07/2017 03/07/2017 Undergraduate Thesis